000 00314nam a2200157Ia 4500
100 _aMazda/ Fraidoon
250 _a1
942 _cBK
654 _aEngineering
245 _aEngineering Management
260 _bPearson Edu
_c2000
082 _a658
_bMAZ
300 _a658
546 _aENGLISH
999 _c28418
_d28418